Princesa a la fuga / (Registro nro. 9161)

Detalles MARC
000 -LIDER
fixed length control field 00682nam a22002537a 4500
001 - NÚMERO DE CONTROL
Identificador de número de control 0153
003 - IDENTIFICACDOR DE NÚMERO DE CONTROL
control field DO-SdBPM
005 - DATE AND TIME OF LATEST TRANSACTION
control field 20250528083850.0
007 - CAMPOS FIJOS DE DESCRIPCIÓN FÍSICA
fixed length control field 0153
008 - ELEMENTOS DE LONGITUD FIJA
fixed length control field 151005b2004 sp 00| 0 spa d
020 ## - ISBN
International Standard Book Number 8467122617
040 ## - FUENTE DE CATALOGACIÓN
Agencia que crea de manera original el registro DO-SdBPM
Idioma de catalogación spa
Agencia que realiza la transcripción BPMSU
082 #4 - NÚMERO DE CLASIFICACIÓN DECIMAL DE DEWEY
Classification number 823.91
Item number H243p 2004
Edition number 22
100 1# - ASIENTO PRINCIPAL -- NOMBRE PERSONAL
Nombre personal Hannay, Barbara
Fechas asociadas con el nombre 1950-
240 10 - TITULO UNIFORME
Título uniforme Princess in the outback /
245 10 - MENCIÓN DE TITULO
Título Princesa a la fuga /
Mención de responsabilidad Barbara Hannay
260 ## - PUBLICACIÓN, DISTRIBUCIÓN, ETC. (PIE DE IMPRENTA)
Lugar de publicación, distribución, etc Madrid :
Nombre del editor, distribuidor, etc. Harlequin,
Fecha de publicación, distribución, etc 2004.
300 ## - DESCRIPCIÓN FÍSICA
Extensión 156 p. ;
Dimensiones 17 cm.
490 0# - MENCIÓN DE SERIES
Mención de serie Jazmin,
Volume/sequential designation 6-98
590 ## - NOTA LOCAL
Texto de la nota local Inventariado, 2025/VM
650 #4 - ENCABEZAMIENTO DE MATERIA--TEMÁTICO
Término temático o nombre geográfico como elemento de entrada Novela juvenil australiana
910 ## - VALIDACIÓN
Validación VMateo V. Control de calidad. BPMSU
942 ## - ADDED ENTRY ELEMENTS (KOHA)
Source of classification or shelving scheme Dewey Decimal Classification
Koha item type Libros
Existencias
Withdrawn status Lost status Source of classification or shelving scheme Damaged status Not for loan Collection code Home library Current library Date acquired Source of acquisition Total Checkouts Full call number Barcode Date last seen Price effective from Koha item type
    Dewey Decimal Classification     Colección General Biblioteca Pública Metropolitana Salomé Ureña Biblioteca Pública Metropolitana Salomé Ureña 03/09/2016 FUNDI   BPMSU CJG 823.91 H243p 2004 BPMSU16030022 03/09/2016 03/09/2016 Libros